<?xml version="1.0" encoding="UTF-8"?>
<record
    xmlns:xsi="http://www.w3.org/2001/XMLSchema-instance"
    xsi:schemaLocation="http://www.loc.gov/MARC21/slim http://www.loc.gov/standards/marcxml/schema/MARC21slim.xsd"
    xmlns="http://www.loc.gov/MARC21/slim">

  <leader>01709nam a2200373 a 4500</leader>
  <controlfield tag="001">0000312</controlfield>
  <controlfield tag="003">DO-SdBNP</controlfield>
  <controlfield tag="005">20180306111904.0</controlfield>
  <controlfield tag="007">0000311</controlfield>
  <controlfield tag="008">150130s2013   dr abc        000 0 spa d</controlfield>
  <datafield tag="020" ind1=" " ind2=" ">
    <subfield code="a">978994549516X </subfield>
  </datafield>
  <datafield tag="040" ind1=" " ind2=" ">
    <subfield code="a">BPMSU</subfield>
    <subfield code="b">spa</subfield>
    <subfield code="c">BPMSU</subfield>
  </datafield>
  <datafield tag="092" ind1=" " ind2=" ">
    <subfield code="a">372.83</subfield>
    <subfield code="b">H557c,     4to.      2013</subfield>
  </datafield>
  <datafield tag="100" ind1="1" ind2=" ">
    <subfield code="a">Hern&#xE1;ndez Grull&#xF3;n,     Alejandro</subfield>
  </datafield>
  <datafield tag="245" ind1="1" ind2="0">
    <subfield code="a">Ciencias sociales 4 : </subfield>
    <subfield code="b">educaci&#xF3;n b&#xE1;sica /</subfield>
    <subfield code="c">Alejandro Hern&#xE1;ndez Grull&#xF3;n, Juan Ricardo Hern&#xE1;ndez; actualizaci&#xF3;n Ramona Grull&#xF3;n.</subfield>
  </datafield>
  <datafield tag="250" ind1=" " ind2=" ">
    <subfield code="a">edici&#xF3;n  revisada y actualizada , 2013</subfield>
  </datafield>
  <datafield tag="260" ind1=" " ind2=" ">
    <subfield code="a">Santo Domingo :</subfield>
    <subfield code="b">Actualidad Escolar 2000,</subfield>
    <subfield code="c">2013.</subfield>
  </datafield>
  <datafield tag="300" ind1=" " ind2=" ">
    <subfield code="a">168 p. :</subfield>
    <subfield code="b">il., mapas retrs. ;</subfield>
    <subfield code="c">28 cm.</subfield>
  </datafield>
  <datafield tag="500" ind1=" " ind2=" ">
    <subfield code="a">Este libro ha sido realizado de acuerdo al curriculum vigente y ha sido sometido a la evaluaci&#xF3;n a aprovaci&#xF3;n del MINERD</subfield>
  </datafield>
  <datafield tag="500" ind1=" " ind2=" ">
    <subfield code="a">Edici&#xF3;n revisada y actualizada al 2013.</subfield>
  </datafield>
  <datafield tag="500" ind1=" " ind2=" ">
    <subfield code="a">Incluye el "Libro del maestro"</subfield>
  </datafield>
  <datafield tag="505" ind1="1" ind2=" ">
    <subfield code="t">Provincias y regiones dominicanas --</subfield>
    <subfield code="t">Relieve, hidrograf&#xED;a y clima de las regiones de la Rep&#xFA;blica Dominicana --</subfield>
    <subfield code="t">Nuestros primeros pobladores y la llegada de los espa&#xF1;oles --</subfield>
    <subfield code="t">Esclavitud nativa y resistencia --</subfield>
    <subfield code="t">As&#xED; se form&#xF3; el pueblo dominicano --</subfield>
  </datafield>
  <datafield tag="650" ind1=" " ind2="4">
    <subfield code="a">CIENCIAS SOCIALES</subfield>
    <subfield code="x">ENSE&#xD1;ANZA B&#xC1;SICA</subfield>
  </datafield>
  <datafield tag="650" ind1=" " ind2="4">
    <subfield code="a">CIENCIAS  SOCIALES</subfield>
    <subfield code="x">EDUCACI&#xD3;N PRIMARIA</subfield>
  </datafield>
  <datafield tag="650" ind1=" " ind2="4">
    <subfield code="a">EDUCACI&#xD3;N PRIMARIA</subfield>
    <subfield code="x">REP&#xDA;BLICA DOMINICANA</subfield>
  </datafield>
  <datafield tag="650" ind1=" " ind2="4">
    <subfield code="a">CIENCIAS  SOCIALES</subfield>
    <subfield code="x">LIBROS DE TEXTOS</subfield>
  </datafield>
  <datafield tag="650" ind1=" " ind2="4">
    <subfield code="a">CIENCIAS  SOCIALES</subfield>
    <subfield code="x">ESTUDIOS Y EJERCICIOS</subfield>
  </datafield>
  <datafield tag="700" ind1="1" ind2="2">
    <subfield code="a">Hern&#xE1;ndez, Juan Ricardo</subfield>
  </datafield>
  <datafield tag="700" ind1="1" ind2="2">
    <subfield code="a">Grull&#xF3;n,  Ramona</subfield>
  </datafield>
  <datafield tag="910" ind1=" " ind2=" ">
    <subfield code="a">Validado. Control de calidad MFF</subfield>
  </datafield>
  <datafield tag="942" ind1=" " ind2=" ">
    <subfield code="2">ddc</subfield>
    <subfield code="c">BK</subfield>
  </datafield>
  <datafield tag="945" ind1=" " ind2=" ">
    <subfield code="a">Remanejado para la BNPHU / 2018 VM</subfield>
  </datafield>
  <datafield tag="952" ind1=" " ind2=" ">
    <subfield code="0">0</subfield>
    <subfield code="1">0</subfield>
    <subfield code="2">ddc</subfield>
    <subfield code="4">0</subfield>
    <subfield code="7">0</subfield>
    <subfield code="8">CE</subfield>
    <subfield code="a">BPMET</subfield>
    <subfield code="b">BPMET</subfield>
    <subfield code="d">2016-04-20</subfield>
    <subfield code="e">Donaci&#xF3;n</subfield>
    <subfield code="l">0</subfield>
    <subfield code="o">372.83   H557c    4to.   2013   v.1</subfield>
    <subfield code="p">BPMSU16040574</subfield>
    <subfield code="r">2016-04-20</subfield>
    <subfield code="w">2016-04-20</subfield>
    <subfield code="y">BK</subfield>
  </datafield>
  <datafield tag="952" ind1=" " ind2=" ">
    <subfield code="0">0</subfield>
    <subfield code="1">0</subfield>
    <subfield code="2">ddc</subfield>
    <subfield code="4">0</subfield>
    <subfield code="7">0</subfield>
    <subfield code="8">CE</subfield>
    <subfield code="a">BPMET</subfield>
    <subfield code="b">BPMET</subfield>
    <subfield code="d">2016-04-20</subfield>
    <subfield code="e">Donaci&#xF3;n</subfield>
    <subfield code="l">0</subfield>
    <subfield code="o">372.83   H557c   4to.   2013   v.2   Libro del maestro</subfield>
    <subfield code="p">BPMSU16040575</subfield>
    <subfield code="r">2016-04-20</subfield>
    <subfield code="t">   </subfield>
    <subfield code="w">2016-04-20</subfield>
    <subfield code="y">BK</subfield>
  </datafield>
  <datafield tag="956" ind1=" " ind2=" ">
    <subfield code="a">YLOCKWARD</subfield>
    <subfield code="b">10</subfield>
  </datafield>
  <datafield tag="999" ind1=" " ind2=" ">
    <subfield code="c">9856</subfield>
    <subfield code="d">9856</subfield>
  </datafield>
</record>
